• 首页
  • 本馆介绍
  • 公告通知
  • 最新文献
  • 馆藏检索
  • 电子资源
  • 读者导购
  • 参考咨询
  • 我的图书馆
  • 登录
  • 详细信息显示
  • 放入我的书架
  • 预约/预借图书
  • 作者相关作品
  • 分类相关作品
  • 丛书相关作品
  • 出版社相关作品

书目信息

  • 表格格式
  • 工作单格式
  • 卡片格式
题名:
自然
    
 
作者: 本书组编
分册:  
出版信息: 上海   上海教育出版社  1986.12
页数: 389页
开本: 19cm
丛书名:
单 册:
中图分类: G633.91
科图分类:
主题词: 教育--各级
电子资源:
ISBN: 7-5320-0594-1
000 00529nam0 2200193 450
001 0755697202
005 20071123153124.32
010    @a7-5320-0594-1@dCNY3.10
100    @a20071123d1986 km y0chiy0120 ea
101 0  @achi
102    @aCN@b310000
200 1  @a自然@Azi ran@e生物学部分@f本书组编@Fben shu zu bian
210    @a上海@c上海教育出版社@d1986.12
215    @a389页@d19cm
517 1  @a生物学部分@Asheng wu xue bu fen
606 0  @a教育@x各级
690    @aG633.91@v4
801  0 @aCN@bPFT@c20071123
905    @aBZT@dG633.91@e10
    
    自然:生物学部分/本书组编.-上海:上海教育出版社,1986.12
    389页;19cm
    
    
    ISBN 7-5320-0594-1:CNY3.10
    
●
相关链接 在五车中查询图书 在当当中查询图书 在豆瓣中查询图书


正题名:自然     索取号:G633.91/10         预约/预借

序号 登录号 条形码 馆藏地/架位号 状态 备注
1 4297   200850016   中心书库北库/ 北库028架B面1列1层30/ [索取号:G633.91/10] 在馆    
2 4298   200850025   中心书库北库/ 北库028架B面1列1层29/ [索取号:G633.91/10] 在馆    
3 4299   201195599   中心书库北库/ 北库028架B面1列1层28/ [索取号:G633.91/10] 在馆    
4 4300   200850043   中心书库北库/ 北库028架B面1列1层27/ [索取号:G633.91/10] 在馆    
5 4301   200850061   中心书库北库/ 北库028架B面1列1层40/ [索取号:G633.91/10] 在馆    
6 4302   200850052   中心书库北库/ 北库028架B面1列1层39/ [索取号:G633.91/10] 在馆    
山东省滨州职业学院图书馆 欢迎您!
大连网信软件有限公司© 版权所有